|
|
|
|
| LEADER |
00000cam a2200000 7i4500 |
| 001 |
0000004913 |
| 005 |
20090107.0 |
| 040 |
|
|
|a INS
|
| 090 |
0 |
0 |
|a VCD 672
|
| 245 |
1 |
0 |
|a Lawatan ke Percetakan Nasional Malaysia Berhad (PNMB) :
|b Kursus Bengkel Laporan Pasaran Harta :
|b 23 Jun 1998 [
|h cakera video]
|
| 260 |
|
|
|a Kuala Lumpur :
|b Percetakan Nasional Malaysia Berhad ,
|c 1998
|
| 300 |
|
|
|a 1 cakera video (18m 19s) :
|b by., wrn. ;
|c 4 3/4 in.
|
| 500 |
|
|
|a Juga terdapat dalam format VHS 762
|
| 650 |
0 |
0 |
|a Visiting
|
| 710 |
1 |
|
|a Institut Penilaian Negara
|
| 999 |
|
|
|a VCD0000672
|b VIDEO CD
|c Media Collection
|e Default branch
|